000 00500 a2200157 4500
999 _c8981
_d8981
020 _a9781844615184
050 _aKF1366WHI2014
100 _aWhitehouse , Christopher
_eauthor
245 _aA modern approach to lifetime tax planning for private clients(with precedents) /
_cChristopher Whitehouse and Lesley King
264 _aBristol:
_bJordans,
_c2014
300 _a647p. :
500 _aincludes index
650 _atax planning
700 _aKing Lesley
_eauthor
942 _2lcc
_cBK
_h1366
_iWHI
_kKF